Almost Monday songs - Statistics

General Stats
  • This quiz has been taken 5 times
  • The average score is 20 of 29
Answer Stats
Hint Answer % Correct
2 Can’t slow down
100%
1 Cough drops
100%
3 Jupiter
100%
4 Sunburn
100%
27 Broken people
75%
21 Come on come on
75%
22 Cool enough
75%
10 Dive
75%
24 Hailey Beebs
75%
18 Holiday
75%
16 Life goes by
75%
6 Lost
75%
28 Parking lot view
75%
15 Seaside market
75%
17 Sequoia
75%
13 She likes sports
75%
19 Sweet feelings
75%
14 Tidal wave
75%
11 You look so good
75%
20 Coast to coast
50%
29 Don’t say you’re ordinary
50%
5 Enjoy the ride
50%
9 Is it too late?
50%
12 Never enough
50%
7 Only wanna dance
50%
8 Sun keeps on shining
50%
25 This is growing up
50%
26 Til the end of time
50%
23 Life forever
0%
No matching quizzes found
Score Distribution
Percent of People with Each Score
Percentile by Number Answered
Your Score History
You have not taken this quiz